| 000 | 00393nmm a2200133Ia 4500 | ||
|---|---|---|---|
| 005 | 20241119151803.0 | ||
| 008 | 241119s9999||||xx |||||||||||||||||und|| | ||
| 100 | _aBarinaga MartÃn, Ester | ||
| 245 | 0 | _aRemaking Money for a Sustainable Future | |
| 260 |
_aBristol University Press _c2024 |
||
| 650 | _aHistory | ||
| 856 | _uhttps://www.jstor.org/stable/10.2307/jj.9692645 | ||
| 942 | _cE-Book | ||
| 999 |
_c182600 _d182600 |
||